000 00852nam a22002417a 4500
999 _c1705
_d1705
003 AR-CdUCM
008 190227b ||||| |||| 00| 0 spa d
040 _aMUNICIPALIDAD PROVINCIAL DEL CUSCO
_cBIBLIOTECA MUNICIPAL DEL CUSCO
082 _a803.9 /
_bC33
100 _aCastagnino, Raúl H.
_96308
245 _aExperimentos Narrativos /
260 _aArgentina :
_bJuan Goyanarte ;
_c1971.
300 _a267 páginas
_c20cm
440 _aCrítica y Narrativa
_96309
505 _aExperimentos Narrativos -- Problematización de la escuela de la realidad -- La novela-crónica -- La novela-soliloquio -- Acerca de la ciencia-ficción
650 _aNovela
_95
650 _aNarrativa
_967
650 _aCrónica
_9637
650 _aFicción
_9184
650 _aProblemática literaria
_96310
942 _2ddc
_cLIBROS
945 _anom
_d2019-02-27